00281nam a2200109Ia 4500008004100000041000800041082002400049100001400073245003500087260004000122300000900162230411s9999 xx 000 0 und d aeng aMS/616.1/SOM/B07488 aSoma Raju aClinical Methods in Cardiology bUniversities PressaHyderabadc2009 a506p